Українське письменство (Запис № 426753)

МАРК-запис
000 -Лідер
fixed length control field 00809nam a22002537a 4500
003 - Ідентифікатор контрольного номера
control field UA-OsUOA
001 - Контрольний номер
control field 46649
007 - Фіксоване поле фізичного опису
fixed length control field ta
008 - Елементи даних фіксованої довжини – загальна інформація
fixed length control field 20120507b un ||||| |||| 00| 0 ukr d
090 ## - Локальний шифр розміщення
Класифікаційний індекс УДК 09.-82(091)(477)
Авторський знак (НП) Р69
040 ## - Джерело каталогізації
Агенція оригінальної каталогізації UA-OsUOA
Мова каталогізації ukr
Агенція, яка здійснювала перезапис UA-OsUOA
Агенція, яка здійснювала модифікацію UA-OsUOA
041 ## - Код мови
Код мови тексту/ звукової доріжки чи окремого заголовка (П) ukr
080 ## - Індекс Універсальної десяткової класифікації
Індекс Універсальної десяткової класифікації (УДК) (НП) 09.-82(091)(477)
100 ## - Основне введення – ім’я особи
Ім’я особи (НП) Романенчук Б.
245 ## - Відомості про назву
Назва (НП) Українське письменство
260 ## - Публікація, розповсюдження і т.п. (Вихідні дані)
Місце публікації, розповсюдження і т.п. (П) Інсбрук
Ім’я/ наймення видавництва, розповсюджувача і т.п. (П) Відділ культурно-освітньої праці УЦДОА
Дата публікації, розповсюдження і т.п. (П) 1946
246 31 - Інша форма назви
Назва (НП) Ч.І.
Номер частини/ розділ роботи (П) Стара доба
300 ## - Фізичний опис
Обсяг 168 с.
650 #7 - Додаткове предметне введення – тематичний термін
Тематичний термін чи географічна назва, як елемент введення (НП) 0 Загальний відділ.
Джерело заголовка чи терміна UDC
942 ## - Додаткові елементи входу (Коха)
Тип елемента Koha Книги
955 ## - Код типу видання за змістом
Код типу видання за змістом (НП) Науково-популярні видання
Фонди
Стан вилучень Стан втрат Джерело класифікації або схеми стелажів Стан уражень Не для кредиту Постійне місце розташування Поточне розміщення Дата придбання Джерело придбання Вартість, звичайна ціна покупки Інвентарний номер Усього замовленно Повний номер виклику Штрих-код Дата останнього перегляду Ціна ефективна від Тип елемента Koha
    Universal Decimal Classification     Наукова бібліотека ІДУД Наукова бібліотека ІДУД 07/05/2012 274/2012 1.00 2133094   09.-82(091)(477) Р69 2133094 14/09/2019 07/05/2012 Книги